00644nam a22001694a 450000100100000000500170001000800410002704000250006808200190009310000380011224500820015026000850023230000270031750400490034460000340039365000470042700001907120200929165920.0990219s1972 ve a b f000 0bspa  aDO-SdBNPcDLCdBNPHU aV861.42bP438d1 aPérez Martínez, Rosa María.10aDon Jorge Schmidke :bestudio monografico /cRosa María Pérez Martínez. aCaracas :b[Escuela de Educacion de la Universidad Central de Venezuela],c1972. a40 p. :bil. ;c24 cm. aIncludes bibliographical references (p. 38).10aSSHMIDKE, JORGEvBIOGRAFÍA. 4aPoesía venezolanaySIGLO XXvBIOGRAFÍA